000
00336 a2200157 4500
001
183248
020
_a
040
_c
Magnum
100
_a
Wager, Walter
240
1
0
_a
Conspiração telefone
_l
por
245
1
0
_a
Conspiração telefone
300
_a
206
440
1
_a
Globo
697
_a
LITERATURA GERAL ESTRANGEIRA
942
_c
BK
999
_c
183248
_d
183248